International Joint Ventures and Technology Transfer Some Economic Issues with Reference to China

Na minha lista:
Detalhes bibliográficos
Autor principal: Tisdell, Clem
Formato: Livro
Idioma:inglês
Publicado em: Brisbane University of Queensland 1989
Edição:1. ed.
Colecção:Discussion Paper in Economics No.6
Tags: Adicionar Tag
Sem tags, seja o primeiro a adicionar uma tag!

MARC

LEADER 00000nam a2200000 4500
001 c029593
005 20221215114014.1
041 0 |a eng 
044 |a AU 
245 1 0 |a International Joint Ventures and Technology Transfer  |b Some Economic Issues with Reference to China  |c Clem Tisdell 
250 |a 1. ed. 
264 1 |a Brisbane  |b University of Queensland  |c 1989 
300 |a 17 s. 
490 1 |a Discussion Paper in Economics  |v No.6 
830 0 |a Discussion Paper in Economics  |v No.6 
100 1 |a Tisdell, Clem